000
00501nam a2200145Ia 4500
008
100122s9999 xx 000 0 und d
082
_b
51280
_a
81
100
_a
खाडिलकर नीलकंठ
245
_a
अग्रलेखांचा बादशहा
260
_b
शलाका प्रकाशन
_c
1995
300
_a
166
630
_a
अग्रलेखांचा बादशहा
730
_a
अग्रलेखांचा बादशहा
942
_c
BOOK
999
_c
428742
_d
428739